Dates de l'aviation civile moderne - Statistiques

Statistiques générales
  • Ce quiz a été pris 32 fois
  • Le résultat moyen est 7 sur 12
Statistiques - réponses
Avion Année de Mise en Service? % Correct
Airbus A220 2016
82%
Airbus A320 1988
71%
Airbus A380 2007
64%
Airbus A300 1974
61%
Airbus A310 1983
61%
Airbus A330 1994
61%
Airbus A340 1993
57%
Boeing B777 1995
57%
Boeing B747 1970
50%
Boeing B737 1968
43%
Boeing B787 2011
43%
Boeing B767 1982
39%
Aucun quiz correspondant
Distribution des résultats
% des personnes avec chaque résultat
Percentile par nombre de réponses
Votre historique - résultats
Vous n’avez pas pris ce quiz